| 000 | 00677nam a22002295a 4500 | ||
|---|---|---|---|
| 005 | 20160320140745.0 | ||
| 008 | 160320s2007 ii a fr 000 0 eng d | ||
| 020 | _a9788178885025 | ||
| 020 | _a8178885026 | ||
| 040 |
_aEG-ScBUE _beng _cEG-ScBUE |
||
| 082 | 0 | 4 |
_a616.96 _bKOC _222 |
| 100 | 1 |
_aKochhar, S. K. _939602 |
|
| 245 | 1 | 0 |
_aParasitic microbiology / _cS. K. Kochhar. |
| 250 | _a1st ed. | ||
| 260 |
_aNew Delhi : _bDominant Publishers and Distributors, _c2007. |
||
| 300 |
_a288 p. : _bill. ; _c22 cm. |
||
| 650 | 7 |
_aMedical parasitology. _2BUEsh _936711 |
|
| 650 | 7 |
_aParasitic diseases. _2BUEsh _936712 |
|
| 651 | _2BUEsh | ||
| 653 |
_bPPhrm _cMarch2016 |
||
| 942 | _2ddc | ||
| 999 |
_c21455 _d21427 |
||